The Vampire Diaries - Statistiques

Statistiques générales
  • Ce quiz a été pris 10 181 fois
  • Le résultat moyen est 11 sur 14
Statistiques - réponses
3 mots réponses % Correct
corbeau - whisky - impulsif Damon
97%
fragile - sire bond - coma Elena
95%
lettre - force - cheerleader Caroline
94%
journal - boucher - doppelgänger Stefan
92%
prison - expression - ancre Bonnie
91%
professeur - bague - résurrection Alaric
89%
tatouages - chasseur - fantôme Jeremy
88%
collier - doppelgänger- survivante Katherine
88%
serveur - humain - cloche Matt
87%
lune - hybride - malédiction Tyler
84%
augustine - cœur - feu Enzo
72%
shérif - cancer - humaine Liz
61%
immortel - remède - pierre Silas
60%
femme - expression - remède Shane
4%
Aucun quiz correspondant
Distribution des résultats
% des personnes avec chaque résultat
Percentile par nombre de réponses
Votre historique - résultats
Vous n’avez pas pris ce quiz